Pensando ambientalmente : de las críticas al sistema a las posibilidades de cambio /

保存先:
書誌詳細
第一著者: Uribe Castro, Hernando (autor)
フォーマット: 図書
言語:スペイン語
出版事項: Cali, Colombia : Universidad Autónoma de Occidente, 2016, c2016
主題:
タグ: タグ追加
タグなし, このレコードへの初めてのタグを付けませんか!

MARC

LEADER 00000nam^a2200000^a^4500
001 000400453
005 20250521000000.0
009 20260310121619.949
020 |a 978-958-8994-19-2 
037 |a Acervo ITESO - Biblioteca 
041 |a ESP 
082 |a 304. 2  |b URI 
100 |a Uribe Castro, Hernando  |e (autor) 
245 1 0 |a Pensando ambientalmente :  |b de las críticas al sistema a las posibilidades de cambio /  |c H. Uribe Castro. 
264 4 |a Cali, Colombia :  |b Universidad Autónoma de Occidente,  |c 2016, c2016 
300 |a 211 p. 
336 |a texto  |b txt  |2 rdacontenido 
337 |a sin mediación  |b n  |2 rdamedio 
338 |a volumen  |b nc  |2 rdasoporte 
521 |a FIL 2017 EEnlace Departamento del Hábitat y Desarrollo Urbano 
649 |a XX 
650 |a Vida -  |x Origen 
650 |a Biósfera 
650 |a Capitalismo -  |x Historia y Crítica 
650 |a Conservación y Protección Ambiental -  |x Tema Principal 
650 |a Educación Ambiental 
650 |a Política Ambiental 
650 |a Ecología Social -  |x Tema Principal 
650 |a Ecología 
910 |a Fondo General 
920 |a Impresos - Libros 
930 |a Colección General 
905 |a 101 
901 |a 0500295838  |b IT1  |c ACC  |i c157076  |u 20250521 
902 |a https://opac.biblio.iteso.mx/vufind/Record/000400453